01002nam a22002895i 450000100090000000300080000900500170001700800410003401000170007502000250009204000270011704200080014408200150015210000170016724501300018426300090031426400550032330000130037833600260039133700280041733800270044590600450047294200120051795500200052999900190054995201440056818893839BD-DhUL20161221091614.0151210s2016 cau 000 0 eng  a 2015959784 a9781941870488 (pbk.) aDLCbengerdacBD-DhUL apcc a658.4bHOC1 aWare, James.10aMaking meetings matter :bnew rules and cool tools for leading corporate conversations in the digital age /cJames Ware, PhD. a1601 1aOceanside, CA :bIndie Books International,c2016. apages cm atextbtxt2rdacontent aunmediatedbn2rdamedia avolumebnc2rdacarrier a0bibccorignewd2eepcnf20gy-gencatlg 2ddccBK apc25 2015-12-10 c139431d139431 00102ddc406658_400000000000000_HOC708NFIC9263148aDULbDULcGENd2011-01-25ePurchasedo658.4 HOCp455484r2016-12-21w2016-12-21yBK